Medzinárodné ekonomické organizácie socialistických krajín

Na minha lista:
Detalhes bibliográficos
Autor principal: Raček, Pavol
Formato: Livro
Idioma:eslovaco
Publicado em: Bratislava Slovenské pedagogické nakladateľstvo 1975
Tags: Adicionar Tag
Sem tags, seja o primeiro a adicionar uma tag!

MARC

LEADER 00000nam a2200000 4500
001 c120462
005 20041019155217.1
041 0 |a slo 
044 |a SK 
245 1 0 |a Medzinárodné ekonomické organizácie socialistických krajín  |c Pavol Raček 
264 1 |a Bratislava  |b Slovenské pedagogické nakladateľstvo  |c 1975 
300 |a 264 s. 
100 1 |a Raček, Pavol